000 00578 a2200193 4500
999 _c9588
_d9588
022 _aNo ISSN
050 _aKTL19 SOU 1978
100 _aDuncan, Graeme
_eeditor
245 _aSouth African law reports:
_b1978 (4)-October
_cGraeme Duncan
264 _aCape Town:
_bJuta & Company,
_c1978.
300 _a387p. :
500 _aSouth African Law Reports
650 _aLaw reports, digests, etc. -- South Africa
651 _aSouth Africa
700 _aBarnett, M.
_eeditor
700 _aBuchanan
_eeditor
700 _aFisher, D. S.
_eeditor
942 _2lcc
_cSERIALS
_h19
_iSOU
_kKTL